000 01655cam a2200481 4500
001 22791
003 SK-KTurca
005 20260424182246.0
008 190510s2019 xo a a 000 1 slo
015 _aSNBA2019/07
020 _a9788055164090
_q(viazané)
040 _aTTKJF
_bslo
_cTTKJF
_dSNK
_erda
041 1 _aslo
_hger
044 _axo
_cSK
072 7 _a821-93
_xLiteratúra pre deti a mládež (beletria)
_2konspekt
080 _a(0.025.2)
_22011
080 _a821-32
_22011
080 _a821-93
_22011
080 _a(0:82-32)
_22011
100 1 _aRichert, Katja
_4aut
240 1 4 _aDie Kuschelbande. Willkommen in Waldkindergarten
_lSlovensky
245 1 0 _aChlpáčikovia
_pVitajte v lesnej škôlke
_cKatja Richertová, Larisa Lauberová ; translation by Zuzana Dodoková
246 3 0 _aVitajte v lesnej škôlke
250 _aPrvé vydanie
264 1 _aBratislava
_bIkar, a.s. - Stonožka
_c2019
300 _a12 nečíslovaných strán
_bfarebné ilustrácie
_c20 cm
336 _atext
_btxt
_2rdacontent
336 _astatický obraz
_bsti
_2rdacontent
337 _abez média
_bn
_2rdamedia
338 _azväzok
_bnc
_2rdacarrier
500 _aKartónové listy s maketou izby a postavičkami na hranie
500 _aPreložené z nemčiny
521 8 _aPre deti od 2 rokov
655 7 _aleporelá
_2SNKPH
655 7 _aPicture books for children
_2SNKPHeng
655 7 _apríbehy
_2SNKPH
655 7 _apublikácie pre deti
_2SNKPH
655 7 _aStories
_2SNKPHeng
655 7 _aChildren’s literature
_2SNKPHeng
700 1 _aLauber, Larisa
_4ill
700 1 _aDodoková, Zuzana
_d1977-
_4trl
942 _2ddc
_cKLDE
_n0
999 _c22791
_d22791